000 00311nam a2200133Ia 4500
008 090707b ii f a fnsan d
100 _aJeet Singh
_94903
245 _aSamkali Punjabi Galp:
_bVibhin Sarokar
260 _aPatiala
260 _bGracious Books
260 _c2017
300 _a128p
942 _cBK
999 _c27221
_d27221